Trilogi Pentas Opera : (Record no. 200717)
[ view plain ]
| 000 -LEADER | |
|---|---|
| fixed length control field | 01060nam a2200337 i 4500 |
| 005 - DATE AND TIME OF LATEST TRANSACTION | |
| control field | 20250911115315.0 |
| 008 - FIXED-LENGTH DATA ELEMENTS--GENERAL INFORMATION | |
| fixed length control field | 250911t20252025my gr o000 ddmay d |
| 020 ## - INTERNATIONAL STANDARD BOOK NUMBER | |
| International Standard Book Number | 9789834948016 |
| Terms of availability | RM25.00 |
| Qualifying information | paperback |
| 040 ## - CATALOGING SOURCE | |
| Original cataloging agency | PPAK |
| Language of cataloging | eng |
| Transcribing agency | PPAK |
| Description conventions | rda |
| 082 04 - DEWEY DECIMAL CLASSIFICATION NUMBER | |
| Edition number | 23 |
| Classification number | 808.23 |
| 090 00 - LOCALLY ASSIGNED LC-TYPE CALL NUMBER (OCLC); LOCAL CALL NUMBER (RLIN) | |
| Classification number (OCLC) (R) ; Classification number, CALL (RLIN) (NR) | 808.23 |
| Feature heading | ZAK |
| Feature heading | G |
| 100 0# - MAIN ENTRY--PERSONAL NAME | |
| Personal name | Zakaria Ariffin, |
| Relator term | author. |
| Dates associated with a name | 1952- |
| 245 10 - TITLE STATEMENT | |
| Title | Trilogi Pentas Opera : |
| Remainder of title | Kumpulan Drama / |
| Statement of responsibility, etc. | Zakaria Ariffin |
| 250 ## - EDITION STATEMENT | |
| Edition statement | EDISI KARYA MALAR SEGAR PENERIMA S.E.A. WRITE AWARD |
| 264 #1 - PRODUCTION, PUBLICATION, DISTRIBUTION, MANUFACTURE, AND COPYRIGHT NOTICE | |
| Place of production, publication, distribution, manufacture | Kuala Lumpur : |
| Name of producer, publisher, distributor, manufacturer | Dewan Bahasa dan Pustaka, |
| Date of production, publication, distribution, manufacture, or copyright notice | 2025 |
| Date of production, publication, distribution, manufacture, or copyright notice | ©2025 |
| 300 ## - PHYSICAL DESCRIPTION | |
| Extent | ix, 224 pages ; |
| Dimensions | 22 cm |
| 336 ## - CONTENT TYPE | |
| Content type term | text |
| Source | rdacontent |
| 337 ## - MEDIA TYPE | |
| Media type term | unmediated |
| Source | rdamedia |
| 338 ## - CARRIER TYPE | |
| Carrier type term | volume |
| Source | rdacarrier |
| 650 10 - SUBJECT ADDED ENTRY--TOPICAL TERM | |
| Topical term or geographic name entry element | Drama |
| Topical term or geographic name entry element | Opera |
| Topical term or geographic name entry element | Drama |
| General subdivision | Technique |
| Topical term or geographic name entry element | Theater |
| Topical term or geographic name entry element | Television plays, Malay |
| Topical term or geographic name entry element | Television scripts |
| Topical term or geographic name entry element | Authorship |
| Topical term or geographic name entry element | Motion picture authorship |
| Topical term or geographic name entry element | Government publications |
| Geographic subdivision | Malaysia |
| 942 ## - ADDED ENTRY ELEMENTS (KOHA) | |
| Source of classification or shelving scheme | Dewey Decimal Classification |
| Koha item type | Book |
| Withdrawn | Not for loan | Current library | Shelving location | Date acquired | Total Checkouts | Full call number | Barcode | Date last seen | Koha item type |
|---|---|---|---|---|---|---|---|---|---|
| Perpustakaan Alor Setar | Pinjaman Dewasa | 23/09/2025 | 808.23 ZAK | A01887197 | 23/09/2025 | Book | |||
| Perpustakaan Awam Sungai Petani | Pinjaman Dewasa | 23/09/2025 | 808.23 ZAK | A01887198 | 23/09/2025 | Book | |||
| Perpustakaan Baling | Pinjaman Dewasa | 23/09/2025 | 808.23 ZAK | A01887202 | 23/09/2025 | Book | |||
| Perpustakaan Bandar Baharu | Pinjaman Dewasa | 23/09/2025 | 808.23 ZAK | A01887203 | 23/09/2025 | Book | |||
| Perpustakaan Jitra | Pinjaman Dewasa | 23/09/2025 | 808.23 ZAK | A01887199 | 23/09/2025 | Book | |||
| Perpustakaan Kuala Nerang | Pinjaman Dewasa | 23/09/2025 | 808.23 ZAK | A01887207 | 23/09/2025 | Book | |||
| Perpustakaan Kulim | Pinjaman Dewasa | 23/09/2025 | 808.23 ZAK | A01887201 | 23/09/2025 | Book | |||
| Perpustakaan Langkawi | Pinjaman Dewasa | 23/09/2025 | 808.23 ZAK | A01887200 | 23/09/2025 | Book | |||
| Perpustakaan Merbok | Pinjaman Dewasa | 23/09/2025 | 808.23 ZAK | A01887204 | 23/09/2025 | Book | |||
| Perpustakaan Pendang | Pinjaman Dewasa | 23/09/2025 | 808.23 ZAK | A01887208 | 23/09/2025 | Book | |||
| Perpustakaan Sik | Pinjaman Dewasa | 23/09/2025 | 808.23 ZAK | A01887206 | 23/09/2025 | Book | |||
| Perpustakaan Yan | Pinjaman Dewasa | 23/09/2025 | 808.23 ZAK | A01887205 | 23/09/2025 | Book |